000 01634nam a22003377a 4500
999 _c23497
_d23497
003 AR-CdUCM
008 260126b2023 pe ||||| |||| 00| 0 spa d
040 _aMUNICIPALIDAD PROVINCIAL DEL CUSCO
_cBIBLIOTECA MUNICIPAL DEL CUSCO
041 _hspa
082 _a371.4 /
_bR47
100 _aReyes Bejar, Luis Enrique
_952219
245 _aSuperando a Carreño :
_bManual de elegancia y estilo con pensamientos, consejos y lecciones de superación /
260 _aCusco :
_bLuis Enrique Reyes Bejar,
_c2024.
300 _a155 páginas. :
_c14 x 20 cm.
505 _aContenido: Capítulo I: La etiqueta social -- Capítulo II: La educación -- Capítulo III: Las emociones -- Capítulo IV: Las compañías -- Capítulo V: Nuestro hogar -- Capítulo VI: La imagen personal -- Capítulo VII: El comportamiento -- Capítulo VIII: La etiqueta en la mesa -- Capítulo IX: Las fiestas -- Capítulo X: El trato social -- Capítulo XI: La personalidad -- Capítulo XII: La voluntad -- Capítulo XIII: El Perú -- Capítulo XIV: Estar capacitado -- Capítulo XV: Valorando el sentir....
650 _aEl bullying
_952220
650 _aLos actos cívicos
_952221
650 _aEjercitar la mente
_952222
650 _aLos periodistas
_952223
650 _aHablar en público
_952224
650 _aEl sufrimiento
_952225
650 _aCulto a la amistad
_952226
650 _aEl romanticismo
_932712
650 _aNormas de cortesía
_952227
650 _aEl autocuidado
_952228
650 _aLa urbanidad
_952229
650 _aEl respeto
_952230
650 _aLa franqueza
_952231
942 _2ddc
_cLIBROS
945 _ajmcs
_d26/01/2026